banner-ar

GROWING POINTS IN CHILD LANGUAGE / (Record no. 23702)

MARC details
000 -الفاتح
حقل البيانات ثابتة الطول 00484nam a2200181Ia 4500
008 - عناصر البيانات ثابتة الطول - معلومات عامة
حقل البيانات ثابتة الطول 140319s9999 xx 000 0 eng d
040 ## - مصدر الفهرسة
وكالة الفهرسة الأصلية GCL /
وكالة النسخ GCL
082 04 - رقم تصنيف ديوى العشرى
رقم التصنيف 401.93
رقم المادة P G
100 1# - المدخل الرئيسى - إسم شخصى
الإسم الشخصى RICHARDS, BRIAN
245 10 - بيان العنوان
العنوان GROWING POINTS IN CHILD LANGUAGE /
بيان المسئوليه,etc RICHARDS, BRIAN
700 1# - المدخل الاضافى - اسم شخصى
الإسم الشخصى PERERO, KATHARINE
700 1# - المدخل الاضافى - اسم شخصى
الإسم الشخصى GOLLIS, GLYN
260 ## - PUBLICATION, DISTRIBUTION, ETC. (IMPRINT)
تاريخ النشر أو التوزيع 1994
300 ## - الوصف المادى
التعداد 264 P
650 04 - المدخل الاضافى بالموضوع-مصطلح موضوعى
مصطلح موضوعي CHILD LANGUAGE
942 ## - عناصر المدخل الإضافي( كوها)
مصدر التصنيف او مخطط الترفيف Dewey Decimal Classification
Koha [default] item type كتاب
260 ## - PUBLICATION, DISTRIBUTION, ETC. (IMPRINT)
-- [S.N] :
-- CAMBRIBGE UNIVERSITY PRESS ،
Holdings
حالة التراجع حالة الفقد حالة تلف ليس للاعارة المكان المؤقت الموقع الحالى تاريخ الاكتساب اجمالي اﻻعارات رقم الطلب الباركود تاريخ اخر مشاهدة تاريخ تفعيل السعر نوع وعاء كوها
        مكتبة القاهرة الكبرى مكتبة القاهرة الكبرى 03/26/2014   401.93\P G 42212 03/26/2014 03/26/2014 كتاب
        مكتبة القاهرة الكبرى مكتبة القاهرة الكبرى 03/26/2014   401.93\P G 42213 03/26/2014 03/26/2014 كتاب
        مكتبة القاهرة الكبرى مكتبة القاهرة الكبرى 03/26/2014   401.93\P G 42214 03/26/2014 03/26/2014 كتاب

Powered By

EGPV